| 000 | 00657nam a2200253Ia 4500 | ||
|---|---|---|---|
| 003 | 0100 | ||
| 008 | 130227s9999 xx 000 0 und d | ||
| 020 | _a0829407103 | ||
| 040 | _cARRUPELIB | ||
| 050 | _aBX3702.2.D4313 1991 | ||
| 100 | _aDecloux, Simon | ||
| 245 | 4 | _aThe Ignatian way | |
| 245 | _bFor the greater glory of God | ||
| 260 | _aChicago | ||
| 260 | _bLoyola University Press | ||
| 260 | _C1991 | ||
| 300 | _aix | ||
| 300 | _b 139p 23cm | ||
| 650 | _bGertrude du S Sacrement | ||
| 650 | _cHenningsen, Amelice de | ||
| 650 | _dMissionary Sisters of the Assumption | ||
| 700 | _aBuckley, Cornelius Michael (tr) | ||
| 942 |
_2lcc _04 |
||
| 999 |
_c1686 _d1686 |
||